000 00478nam a22001817a 4500
003 MPLRDC
005 20220104113817.0
008 210129b ||||| |||| 00| 0 eng d
020 _a957-773-073-6
082 _a889 CSJB v.4
100 _aSHANNON WAVERLY
245 _a恋恋穹苍
_c白忆梅译
260 _a
_b禾林图书股份有限公司
_c1994
300 _b
490 _a畅销金榜系列. 4
650 _a西洋小说之中文翻译
942 _cBK
_o889 CSJB v.4
999 _c2537
_d2527